Дело о назначении доктора медицины Самсона адъюнктом терапевтической клиники Московской медико-хирургической академии

Доступно только в Электронных читальных залах Найти на картеНа карте
RUSMARC
00004234nmc2a2200000 x 450
00102c498a2-78fc-4d3f-bc2e-80026b4aa509
00520151215134249.0
100##$a20150820l18421845k l0rusy0189 ca
1010#$arus
102##$aRU
2001#$aДело о назначении доктора медицины Самсона адъюнктом терапевтической клиники Московской медико-хирургической академии
$j14 ноября 1842 г. - 29 марта 1845 г.
251##$cДело
300##$aДело
300##$aОриг. заголовок дела: Дело по представлению конференции Московской медико-хирургической академии об определении адъюнктом терапевтической клиники при сей академии доктора медицины Самсона. Тут же и об удовлетворении его жалованьем. 14 ноября 1842 г. - 29 марта 1845 г
801#0$aRU
$bРГИА
$c20150820
$gRCR
801#1$aRU
$bГлавНИВЦ
$c20150820
$2rusmarc
801#2$aRU
$bПБ им. Б.Н. Ельцина
$c20151215
$gRCR
$2rusmarc
850##$aРГИА
852##$aРГИА
$eФедеральное казенное учреждение "Российский государственный исторический архив" (РГИА)
$j427
937##$hРГИА
$d11946145
$aASBIBLIO_SCAN
462#0$100110dcdccd-ec79-4ee8-a204-b9d031b41c04
$12001
$aМедицинские дела Департамента народного просвещения
$1251
$cОпись
$1852
$j99
461#0$1001a74412a3-3cc5-4d21-8f0a-dfe2fbd9e72d
$12001
$aДепартамент народного просвещения Министерства народного просвещения
$1251
$cФонд
$1852
$j733
215##$a18 л.
$d36,5х26 см
371##$aДокумент не является опубликованным и широко распространяемым
105##$ay###
1222#$ad
5171#$aДело по представлению конференции Московской медико-хирургической академии об определении адъюнктом терапевтической клиники при сей академии доктора медицины Самсона. Тут же и об удовлетворении его жалованьем. 14 ноября 1842 г. - 29 марта 1845 г
035##$a02c498a2-78fc-4d3f-bc2e-80026b4aa509
Формат отображения